000 00635nam a2200229Ia 4500
003 OSt
005 20221007075614.0
006 a|||||r|||| 00| 0
007 ta
008 221006b |||||||| |||| 00| 0 eng d
024 _a12,083
037 _cTextual
040 _aFLL
_cFLL
_beng
041 _2eng
_aeng
082 _aV2:2.N7, M2
100 _aMorley William H. Au.
_9694029
245 0 _aAdministration of justice in British India
260 _aNew Delhi
_bMetropolitan book co. India
_c1982
300 _a424p
_ccm.
942 _hV2:2.N7, M2
_cTEXL
_2CC
999 _c1156709
_d1156709